[Event "TUR-chT 2nd League"]
[Site "Konya"]
[Date "2017.07.21"]
[Round "7.3"]
[White "Ugur, Can Atakan"]
[Black "Turkmen, Huseyin Nafizhan"]
[Result "1-0"]
[WhiteElo "1889"]
[BlackElo "1817"]
[PlyCount "133"]
[EventDate "2017.07.17"]
[EventType "team-swiss"]
[EventRounds "9"]
[EventCountry "TUR"]
[SourceTitle "CBM 179 Extra"]
[Source "ChessBase"]
[SourceDate "2017.08.23"]
[SourceVersion "1"]
[SourceVersionDate "2017.08.23"]
[SourceQuality "1"]
[WhiteTeam "Genc Efe Izcilik"]
[BlackTeam "Dogukisla Izcilik"]
[WhiteTeamCountry "TUR"]
[BlackTeamCountry "TUR"]

1. e3 Nf6 2. b3 g6 3. Bb2 Bg7 4. Nf3 d6 5. d4 0-0 6. Bd3 a6 7. c4 Nbd7 8. 0-0 Re8 9. Qc2 e5 10. Nbd2 Qe7 11. dxe5 dxe5 12. e4 Nh5 13. Rfe1 g5 14. g3 Nf8 15. Nf1 Ng6 16. Ne3 g4 17. Nd2 Qg5 18. Nd5 Qd8 19. c5 Be6 20. Nf1 Nf6 21. Nfe3 Bxd5 22. Nxd5 h5 23. Rad1 Nh7 24. Bc1 Rc8 25. Bc4 Ng5 26. Bxg5 Qxg5 27. Qd2 Qxd2 28. Rxd2 Nf8 29. Ne3 Bh6 30. Red1 Bxe3 31. fxe3 Nh7 32. Rd7 Ng5 33. Rf1 Rf8 34. Rf5 Nf3+ 35. Kg2 Rcd8 36. Rfxf7 Ne1+ 37. Kg1 Rxd7 38. Rxd7+ Kh8 39. Rxc7 Nf3+ 40. Kh1 Ng5 41. Kg2 Nxe4 42. Rf7 Rd8 43. Rxb7 Nxc5 44. Re7 Rd2+ 45. Kg1 e4 46. Re5 Nd3 47. Rxe4 Nf2 48. Re8+ Kg7 49. Re7+ Kg6 50. Bf1 Kf6 51. Ra7 Nd1 52. Rxa6+ Ke5 53. Ra5+ Ke4 54. Bg2+ Kxe3 55. Re5+ Kd4 56. Rd5+ Kc3 57. Rxd2 Kxd2 58. Bc6 Kc3 59. Be8 Kb2 60. Bxh5 Kxa2 61. Bxg4 Nc3 62. Be6 Ka3 63. h4 Ne4 64. Kg2 Kb4 65. h5 Nf6 66. h6 Kc5 67. Bf5 1-0

[Event "TUR-chT 2nd League"]
[Site "Konya"]
[Date "2017.07.20"]
[Round "5.6"]
[White "Acar, Cengiz Can"]
[Black "Ugur, Can Atakan"]
[Result "1-0"]
[WhiteElo "1676"]
[BlackElo "1889"]
[PlyCount "91"]
[EventDate "2017.07.17"]
[EventType "team-swiss"]
[EventRounds "9"]
[EventCountry "TUR"]
[SourceTitle "CBM 179 Extra"]
[Source "ChessBase"]
[SourceDate "2017.08.23"]
[SourceVersion "1"]
[SourceVersionDate "2017.08.23"]
[SourceQuality "1"]
[WhiteTeam "Eskiseh Tasci"]
[BlackTeam "Genc Efe Izcilik"]
[WhiteTeamCountry "TUR"]
[BlackTeamCountry "TUR"]

1. e4 c5 2. Nf3 e6 3. d4 cxd4 4. Nxd4 Nf6 5. Nc3 Nc6 6. Ndb5 d6 7. Bf4 e5 8. Bg5 a6 9. Na3 Be7 10. Nc4 b5 11. Bxf6 gxf6 12. Ne3 Be6 13. Ncd5 Rc8 14. c3 Rb8 15. Bd3 Qc8 16. Qf3 Qd8 17. Qg3 Kd7 18. Qf3 h5 19. Nf5 Bxd5 20. exd5 Na5 21. 0-0 Nc4 22. Qe2 Qc7 23. a4 Qb6 24. axb5 axb5 25. Ra2 Ra8 26. Rfa1 Rxa2 27. Rxa2 Qc5 28. b4 Qc7 29. Ra6 Qb7 30. Bxc4 bxc4 31. Qxc4 Rb8 32. Rc6 Bf8 33. h3 Ra8 34. Qh4 Be7 35. Qxh5 Rf8 36. Qg4 Kd8 37. Nxd6 Bxd6 38. Rxd6+ Ke7 39. Rc6 Rd8 40. Qc4 Kd7 41. Rxf6 Ke7 42. Rc6 Rd7 43. Qc5+ Ke8 44. Rc8+ Rd8 45. Rxd8+ Kxd8 46. Qf8+ 1-0